| 000 | 00698cam a22002413a 4500 | ||
|---|---|---|---|
| 001 | 37158 | ||
| 003 | PGUSA | ||
| 005 | 20140828083820.0 | ||
| 008 | 110822s2011||||xxu|||||s|||||000 | eng d | ||
| 040 |
_aPGUSA _beng |
||
| 042 | _adc | ||
| 050 | 4 | _aHV | |
| 100 | 1 |
_aRichet, Charles, _d1850-1935 |
|
| 245 | 1 | 4 |
_aThe Pros and Cons of Vivisection _h[electronic resource] / _cCharles Richet |
| 260 |
_bProject Gutenberg, _c2011 |
||
| 506 | _aPublic domain in the USA. | ||
| 516 | _aElectronic text | ||
| 653 | _aVivisection | ||
| 700 | 1 |
_aHalliburton, W. D. _q(William Dobinson), _d1860-1931 |
|
| 830 | 0 |
_aProject Gutenberg _v37158 |
|
| 856 | 4 | 0 | _uhttp://www.gutenberg.org/ebooks/37158 |
| 942 | _cEB | ||
| 999 |
_c266412 _d266412 |
||